Language Quiz

Random Language or Letter Quiz
Score 0/25 Timer 06:00
0 Plays Today
Abbreviation Term % Correct
DEDelaware
97.1%
MNMinnesota
95.7%
BCBefore Christ
92.8%
GHGhana
92.8%
IJIndiana Jones
92.8%
UVUltraviolet
92.8%
VWVolkswagen
91.3%
NONew Orleans
89.9%
YZYahtzee
89.9%
CDCompact Disc
88.4%
JKJust Kidding
87%
STSaint
85.5%
KLKuala Lumpur
84.1%
Abbreviation Term % Correct
FGField Goal
72.5%
ABAt-bats
62.3%
OPOriginal Poster
58%
TUTemple University
49.3%
XYXY Coordinates
46.4%
RSRuneScape
30.4%
PQProvince du Québec
26.1%
HIHydroiodic acid
24.6%
WXWeather
23.2%
EFElectric Field
20.3%
QRQuintana Roo
20.3%
LMlumen
15.9%
Remove Ads.
Support Sporcle.
Get the best of Sporcle when you Go Orange. This ad-free experience offers more features, more stats, and more fun while also helping to support Sporcle. Thank you for becoming a member.

You're not logged in!

Compare scores with friends on all Sporcle quizzes.
OR
Log In

Show Comments

Extras

Top Quizzes Today


Score Distribution

Your Account Isn't Verified!

In order to create a playlist on Sporcle, you need to verify the email address you used during registration. Go to your Sporcle Settings to finish the process.

Report this User

Report this user for behavior that violates our Community Guidelines.

Details: